| 000 | 00911nam a2200265 i 4500 | ||
|---|---|---|---|
| 001 | bg | ||
| 003 | BPK | ||
| 005 | 20220126101933.0 | ||
| 008 | s1975 pl f |000 0 pol | ||
| 040 | _cBPK | ||
| 041 | _apol | ||
| 080 | _a657 | ||
| 080 | _a658.14/.17 | ||
| 080 | _a656 | ||
| 100 | 1 |
_aKiziukiewicz, Teresa _d(1947- ) _eAutor |
|
| 245 | 1 | 0 |
_aTeoretyczne podstawy rachunkowości przedsiębiorstwa transportu lądowego / _cTeresa Kiełkiewicz, Kazimierz Sawicki, Jarosław Skawiński. |
| 260 |
_aSzczecin, _c1975. |
||
| 650 | 4 | _aRachunkowość | |
| 650 | 4 |
_aFinanse przedsiębiorstwa _xfinanse. |
|
| 650 | 4 | _aPrzedsiębiorstwo spedycyjne | |
| 700 | 1 | _aSkawiński, Jarosław. | |
| 700 | 1 |
_aSawicki, Kazimierz _d(1926-2021) _eAutor |
|
| 856 |
_uhttp://koha.tu.koszalin.pl/cgi-bin/koha/opac-detail.pl?biblionumber=16368 _yKatalog online BPK |
||
| 942 |
_cKS _2UKD |
||
| 999 |
_c16368 _d16368 |
||